[Event "ICS Unrated blitz match"]
[Site "204.178.125.65"]
[Date "2001.08.22"]
[Round "?"]
[White "monsoon"]
[Black "Hossa"]
[Result "1-0"]
[WhiteElo "2570"]
[BlackElo "2610"]
[PlyCount "185"]
[EventDate "2001.??.??"]

1. e4 c5 2. Nf3 d6 3. d4 cxd4 4. Nxd4 Nf6 5. Nc3 a6 6. Be2 e5 7. Nb3 Be7 8. O-O
O-O 9. Be3 b6 10. Nd5 Nxd5 11. Qxd5 Ra7 12. Qd3 Be6 13. a4 Rd7 14. Qc3 f5 15.
exf5 Bxf5 16. Nd2 Rf6 17. Nc4 d5 18. Nxe5 Rc7 19. Qb3 Bxc2 20. Qa2 Qd6 21. f4
Be4 22. Bd3 Bxd3 23. Nxd3 Re6 24. Rae1 Bf6 25. Bf2 Nd7 26. Qb3 Rc8 27. Rxe6
Qxe6 28. Nb4 Rc4 29. Nxa6 Rxf4 30. Nc7 Qf7 31. Nxd5 Bh4 32. g3 Rf5 33. gxh4
Rxd5 34. Bg3 Qe6 35. Re1 Qc6 36. Re8+ Kf7 37. Re3 Kf8 38. Rf3+ Nf6 39. Bf2 Rd6
40. Rc3 Qd7 41. h3 Nd5 42. Rd3 Qe6 43. a5 bxa5 44. Rf3+ Ke8 45. Qb5+ Rd7 46.
Qxa5 Qg6+ 47. Kh2 Qd6+ 48. Bg3 Qc6 49. Qe1+ Re7 50. Qf2 Nf6 51. Rb3 Kf7 52. Rc3
Qd5 53. b4 Qd1 54. Rc2 Re8 55. b5 Kg8 56. Qg2 Ne4 57. Bf4 Qd4 58. Re2 Qd5 59.
b6 Qc6 60. Qf3 Qd5 61. Rb2 Qb7 62. Qa3 Qf7 63. Qa2 Qxa2 64. Rxa2 Nc3 65. Rc2
Nd5 66. b7 Kf7 67. Rc8 Re2+ 68. Kg3 Rb2 69. b8=Q Rxb8 70. Rxb8 Ke6 71. Re8+ Kf7
72. Rb8 Ke6 73. Re8+ Kf7 74. Re5 Ne7 75. Rh5 h6 76. Kf3 Ng6 77. Be3 Ne7 78. Re5
Kf6 79. Ke4 Nc8 80. Bc5 Kf7 81. h5 Kf6 82. Re8 Kg5 83. Rxc8 Kxh5 84. Bf8 g6 85.
Be7 g5 86. Bxg5 Kg6 87. Bxh6 Kf6 88. Bg5+ Kf7 89. Kf5 Kg7 90. Rc7+ Kf8 91. Rb7
Kg8 92. Kg6 Kf8 93. Rb8# {Hossa checkmated} 1-0

[Event "ICS Unrated blitz match"]
[Site "204.178.125.65"]
[Date "2001.08.22"]
[Round "?"]
[White "Hossa"]
[Black "monsoon"]
[Result "0-1"]
[WhiteElo "2610"]
[BlackElo "2570"]
[PlyCount "64"]
[EventDate "2001.??.??"]

1. e4 Nf6 2. e5 Nd5 3. d4 d6 4. c4 Nb6 5. f4 dxe5 6. fxe5 Nc6 7. Be3 Bf5 8. Nc3
e6 9. Nf3 Be7 10. d5 exd5 11. Bxb6 axb6 12. cxd5 Nb4 13. Nd4 Bg6 14. Bb5+ c6
15. dxc6 O-O 16. cxb7 Ra5 17. Kf1 Bc5 18. Nc6 Qh4 19. Qf3 Rxb5 20. b8=Q Nxc6
21. Qc7 Bd3+ 22. Ne2 Rxb2 23. g3 Bxe2+ 24. Qxe2 Qh3+ 25. Ke1 Rxe2+ 26. Kxe2
Qg2+ 27. Kd1 Qf3+ 28. Kc1 Ba3+ 29. Kc2 Qe2+ 30. Kc3 Bb2+ 31. Kb3 Nd4+ 32. Kb4
Qb5# {Hossa checkmated} 0-1

[Event "ICS Unrated blitz match"]
[Site "204.178.125.65"]
[Date "2001.08.22"]
[Round "?"]
[White "Hossa"]
[Black "monsoon"]
[Result "1-0"]
[WhiteElo "2610"]
[BlackElo "2570"]
[PlyCount "83"]
[EventDate "2001.??.??"]

1. d4 Nf6 2. c4 c5 3. d5 b5 4. cxb5 a6 5. bxa6 g6 6. Nc3 Bxa6 7. e4 Bxf1 8.
Kxf1 d6 9. g3 Bg7 10. Kg2 Nbd7 11. Nf3 O-O 12. h3 Qa5 13. Rf1 Qb4 14. a3 Qc4
15. Re1 Rab8 16. Kg1 Nh5 17. Nd2 Qd4 18. a4 Nxg3 19. Nb5 Rxb5 20. axb5 Nh5 21.
Nf3 Qb4 22. Qe2 Nhf6 23. Ra7 Rb8 24. e5 Nxe5 25. Nxe5 dxe5 26. Qxe5 Qxb5 27.
Qxe7 Rf8 28. d6 Nd5 29. Qxf8+ Bxf8 30. d7 Qb4 31. Re8 Nf6 32. Rxf8+ Kxf8 33.
d8=Q+ Kg7 34. Qe7 Qb3 35. Bg5 Ng4 36. hxg4 Qd1+ 37. Kh2 Qf3 38. Qe5+ Kg8 39.
Qf6 Qxf2+ 40. Qxf2 Kg7 41. Qxf7+ Kh8 42. Qxh7# {monsoon checkmated} 1-0

[Event "ICS Unrated blitz match"]
[Site "204.178.125.65"]
[Date "2001.08.22"]
[Round "?"]
[White "Hossa"]
[Black "monsoon"]
[Result "1-0"]
[WhiteElo "2610"]
[BlackElo "2570"]
[PlyCount "135"]
[EventDate "2001.??.??"]

1. d4 Nf6 2. c4 c5 3. d5 e6 4. Nc3 exd5 5. cxd5 d6 6. e4 g6 7. Be2 Bg7 8. Nf3
O-O 9. O-O Re8 10. Qc2 Na6 11. Bxa6 bxa6 12. Bf4 Rb8 13. Nd2 Nh5 14. Be3 Nf6
15. Nc4 Rb4 16. b3 Qe7 17. e5 Bf5 18. Qd2 dxe5 19. d6 Qd7 20. Bxc5 Rbb8 21.
Rfe1 Qb7 22. Ba3 e4 23. Rad1 Bg4 24. Rc1 Be6 25. Qc2 Bf5 26. Qe2 Rbd8 27. Qd2
Be6 28. Qc2 Bf5 29. h3 e3 30. Qe2 exf2+ 31. Qxf2 Nd7 32. Rxe8+ Rxe8 33. Ne2 Ne5
34. Nxe5 Bxe5 35. Rd1 Be4 36. d7 Rd8 37. Qc5 Bc7 38. Qe7 Bb6+ 39. Kh2 Bc6 40.
Nf4 Qc7 41. Qf6 Be3 42. Rf1 Rxd7 43. Bb2 Bxf4+ 44. Rxf4 Qxf4+ 45. Qxf4 f6 46.
Qc4+ Rf7 47. Qxc6 Kg7 48. Qxa6 g5 49. Bd4 h6 50. Bxa7 Kg6 51. a3 Rd7 52. Bc5
Rg7 53. Qe6 Rc7 54. Be7 Rxe7 55. Qxe7 Kf5 56. a4 Kf4 57. Qxf6+ Ke4 58. Qe6+ Kd4
59. Kg3 Kc5 60. Qe5+ Kc6 61. Kf3 Kb7 62. Qd5+ Kc7 63. Ke4 Kb8 64. Qe5+ Ka8 65.
Qc7 h5 66. Kd5 g4 67. Kc6 h4 68. Qb7# {monsoon checkmated} 1-0

[Event "ICS rated blitz match"]
[Site "204.178.125.65"]
[Date "2001.08.22"]
[Round "?"]
[White "Hossa"]
[Black "Kob"]
[Result "1-0"]
[WhiteElo "2611"]
[BlackElo "2126"]
[PlyCount "47"]
[EventDate "2001.??.??"]

1. c4 e5 2. Nc3 Bb4 3. g3 Bxc3 4. bxc3 d6 5. d4 Nc6 6. Bg2 Nge7 7. Nf3 O-O 8.
O-O e4 9. Nd2 f5 10. e3 Na5 11. f3 exf3 12. Bxf3 Rb8 13. Ba3 Be6 14. Qe2 Kh8
15. Rf2 Nc8 16. d5 Bd7 17. c5 dxc5 18. Bxc5 Re8 19. Bb4 b6 20. e4 fxe4 21. Bxe4
Nd6 22. Bxd6 cxd6 23. Qh5 h6 24. Qg6 {Kob resigns} 1-0

[Event "ICS rated blitz match"]
[Site "204.178.125.65"]
[Date "2001.08.22"]
[Round "?"]
[White "ChesterX"]
[Black "Hossa"]
[Result "1-0"]
[WhiteElo "2731"]
[BlackElo "2613"]
[PlyCount "120"]
[EventDate "2001.??.??"]

1. f4 e6 2. Nf3 Be7 3. e4 d5 4. e5 d4 5. c3 dxc3 6. Nxc3 Nh6 7. d4 O-O 8. Bd3
Nc6 9. Be4 Qd7 10. O-O Rd8 11. Qd3 g6 12. Rd1 Nb4 13. Qe2 c6 14. a3 Na6 15. Be3
Nc7 16. Ng5 b6 17. Qf3 Bb7 18. Rac1 Nf5 19. Qh3 Bxg5 20. fxg5 Nxe3 21. Qxe3
Rac8 22. Bf3 Rb8 23. Ne4 Nd5 24. Nf6+ Nxf6 25. gxf6 Qe8 26. Bxc6 Qf8 27. Bxb7
Rxb7 28. Rc6 Rbd7 29. b4 Rd5 30. Rd3 b5 31. Rc5 h6 32. Rxd5 Rxd5 33. Rc3 Rd8
34. Rc7 a6 35. Ra7 Kh7 36. Rxa6 Rc8 37. Ra7 Rd8 38. Rc7 Qe8 39. Re7 Qf8 40. Qd3
Rd5 41. Qc3 h5 42. Qc7 Kg8 43. Qc6 Rd8 44. Qxb5 Rc8 45. h3 Qd8 46. Kh2 h4 47.
Qb7 Rb8 48. Qe4 Ra8 49. Rxf7 Kxf7 50. Qb7+ Ke8 51. Qg7 Ra7 52. Qxa7 Qd7 53.
Qa8+ Qd8 54. f7+ Kd7 55. Qxd8+ Kxd8 56. f8=Q+ Kc7 57. Qe7+ Kc6 58. Qc5+ Kd7 59.
Qd6+ Ke8 60. d5 Kf7 {Hossa resigns} 1-0

[Event "ICS rated blitz match"]
[Site "204.178.125.65"]
[Date "2001.08.22"]
[Round "?"]
[White "joh"]
[Black "Hossa"]
[Result "1-0"]
[WhiteElo "2257"]
[BlackElo "2602"]
[PlyCount "86"]
[EventDate "2001.??.??"]

1. g3 e5 2. Bg2 d5 3. d3 Nf6 4. Nf3 Bd6 5. O-O O-O 6. Nc3 c6 7. e4 dxe4 8. dxe4
b6 9. Bg5 Ba6 10. Re1 h6 11. Bxf6 Qxf6 12. Nh4 Bb4 13. Re3 Rd8 14. Qe1 g5 15.
Rf3 Qe6 16. Nf5 g4 17. Re3 Bc5 18. h3 gxh3 19. Bxh3 Bxe3 20. Qxe3 Kh7 21. Kg2
Qg6 22. Rh1 Qg5 23. Qf3 Kg8 24. Bg4 Kf8 25. Nxh6 f6 26. Be6 Ke7 27. Nf7 Qg7 28.
Nxd8 Kxd8 29. Qf5 b5 30. Rh7 Qg5 31. Qxg5 fxg5 32. a3 g4 33. b4 Ke8 34. Bxg4
Kd8 35. Be6 Ke8 36. g4 Kf8 37. g5 Bc8 38. Bxc8 Na6 39. Bxa6 Rd8 40. a4 bxa4 41.
Nxa4 Rd6 42. Kg3 Rd1 43. Kg4 Rd2 {Hossa resigns} 1-0

[Event "ICS rated blitz match"]
[Site "204.178.125.65"]
[Date "2001.08.22"]
[Round "?"]
[White "Hossa"]
[Black "monsoon"]
[Result "0-1"]
[WhiteElo "2574"]
[BlackElo "2610"]
[PlyCount "146"]
[EventDate "2001.??.??"]

1. d4 Nf6 2. c4 c5 3. d5 b5 4. cxb5 a6 5. b6 Qxb6 6. Nc3 d6 7. Nf3 g6 8. e4 Bg4
9. Bd3 Bg7 10. O-O Nbd7 11. Rb1 Ne5 12. Be2 Bxf3 13. Bxf3 Nxf3+ 14. Qxf3 O-O
15. Bg5 Rab8 16. Qh3 Qb4 17. Qh4 Rb7 18. Rbc1 Re8 19. Rc2 Reb8 20. Rd1 Qc4 21.
b3 Qb4 22. Be3 Re8 23. f3 Nh5 24. Ne2 Qb6 25. g4 Nf6 26. Nc3 Qb4 27. Nb1 Nd7
28. Qf2 Rbb8 29. Nd2 Ne5 30. Nc4 Nxc4 31. Rxc4 Qb7 32. f4 Kh8 33. Qh4 a5 34. f5
gxf5 35. gxf5 Rg8 36. Kf1 Qc7 37. Qh5 e6 38. dxe6 fxe6 39. Bf4 Rgd8 40. Rd2
exf5 41. exf5 Qc6 42. Rg2 Rg8 43. Bg5 Rbf8 44. Be7 Bd4 45. Rcc2 Re8 46. f6 Qe4
47. f7 Qd3+ 48. Qe2 Qf5+ 49. Rf2 Qxf7 50. Qe5+ dxe5 51. Rxf7 Rg1+ 52. Ke2 Kg8
53. Rf5 Rxe7 54. Kd3 e4+ 55. Kc4 Reg7 56. a3 R7g2 57. Rxg2+ Rxg2 58. Rh5 e3 59.
Rh6 Rc2+ 60. Kb5 e2 61. Re6 Bc3 62. h4 e1=Q 63. Rxe1 Bxe1 64. h5 Kf7 65. a4 Ke6
66. Kc6 Rc3 67. Kb6 Kd5 68. Kxa5 Rxb3+ 69. Ka6 Kc6 70. Ka7 Ra3 71. Kb8 Rxa4 72.
h6 Bg3+ 73. Kc8 Ra8# {Hossa checkmated} 0-1

[Event "ICS rated blitz match"]
[Site "204.178.125.65"]
[Date "2001.08.22"]
[Round "?"]
[White "Hossa"]
[Black "joh"]
[Result "1-0"]
[WhiteElo "2560"]
[BlackElo "2298"]
[PlyCount "83"]
[EventDate "2001.??.??"]

1. c4 e5 2. Nc3 d6 3. g3 g6 4. Bg2 Bg7 5. d3 c5 6. f4 Nc6 7. fxe5 Nxe5 8. Nf3
Ne7 9. Nxe5 Bxe5 10. O-O Nf5 11. e3 O-O 12. Rb1 Rb8 13. Bd2 a6 14. Qf3 Bd7 15.
Nd5 Bc6 16. Qf2 Kg7 17. Be4 Nh6 18. Qg2 f5 19. Bf3 b5 20. b3 Ng8 21. a3 Qc8 22.
Qf2 Qb7 23. d4 Bf6 24. Ba5 Ne7 25. Nc7 Bxf3 26. Ne6+ Kf7 27. Nxf8 Be4 28. Nxh7
Bxb1 29. Rxb1 bxc4 30. Nxf6 Kxf6 31. dxc5 dxc5 32. e4 Qxe4 33. Bc3+ Kf7 34. Re1
Qd5 35. Qf4 Rxb3 36. Qh4 Rb7 37. Qf6+ Ke8 38. Qxg6+ Kd8 39. Qxa6 Rb3 40. Qf6
Qd7 41. Qf8+ Qe8 42. Rd1+ {joh resigns} 1-0

[Event "ICS rated blitz match"]
[Site "204.178.125.65"]
[Date "2001.08.22"]
[Round "?"]
[White "Hossa"]
[Black "nyul"]
[Result "1-0"]
[WhiteElo "2574"]
[BlackElo "2073"]
[PlyCount "75"]
[EventDate "2001.??.??"]

1. d4 d5 2. c4 e6 3. Nc3 Nf6 4. cxd5 exd5 5. Bg5 c6 6. e3 Bf5 7. Qf3 Bg6 8.
Bxf6 Qxf6 9. Qxf6 gxf6 10. O-O-O Nd7 11. Bd3 Bh6 12. Nf3 O-O-O 13. Nh4 Rhe8 14.
Nf5 Bf8 15. h4 h5 16. Ne2 Nb6 17. Nf4 Nc4 18. Ng3 Bd6 19. Ngxh5 Bxd3 20. Rxd3
Bxf4 21. Nxf4 Nd6 22. Kd2 Rh8 23. h5 Rh6 24. Ke2 Ne4 25. Rdd1 Rg8 26. Rdf1 Kc7
27. g3 Kd6 28. Rh4 b6 29. b3 Rg7 30. Rc1 Rg8 31. a3 Rg7 32. Rc2 Rg8 33. Rh1 Rc8
34. Rg1 Rc7 35. Rgc1 Rc8 36. g4 Rc7 37. f3 Ng3+ 38. Kf2 {nyul resigns} 1-0

[Event "ICS rated blitz match"]
[Site "204.178.125.65"]
[Date "2001.08.22"]
[Round "?"]
[White "nyul"]
[Black "Hossa"]
[Result "1-0"]
[WhiteElo "2071"]
[BlackElo "2576"]
[PlyCount "140"]
[EventDate "2001.??.??"]

1. e4 Nf6 2. Nc3 d6 3. d4 e5 4. dxe5 dxe5 5. Qxd8+ Kxd8 6. Bc4 Bb4 7. Bg5 Bxc3+
8. bxc3 Be6 9. Bxe6 fxe6 10. O-O-O+ Ke7 11. f4 Nc6 12. Nf3 Kf7 13. Bxf6 Kxf6
14. fxe5+ Nxe5 15. Nxe5 Kxe5 16. Rd7 Rac8 17. Rxg7 Rhg8 18. Rxh7 Rxg2 19. h4
Re2 20. h5 Rxe4 21. h6 Ra4 22. Kb2 Ra6 23. Rf7 Rc6 24. h7 Rh8 25. Rg7 Rb6+ 26.
Ka1 Rc6 27. Rg8 Rxh7 28. Rxh7 Rxc3 29. Kb2 Rc4 30. Rgg7 a5 31. Rxc7 Rb4+ 32.
Kc3 b6 33. Rh6 Kd6 34. Rg7 Re4 35. Rg2 Kd5 36. Rd2+ Kc5 37. Rh5+ e5 38. Rh8 Kc6
39. Rc8+ Kb7 40. Re8 Ra4 41. Kb2 Rb4+ 42. Kc1 Ra4 43. c3 Re4 44. Rd7+ Kc6 45.
Rde7 Kd5 46. Kc2 b5 47. Rd8+ Kc5 48. Kd3 Re1 49. Rc8+ Kd6 50. Ree8 Ra1 51. Rb8
b4 52. cxb4 Rxa2 53. b5 Ra3+ 54. Ke4 Ra4+ 55. Ke3 Ra3+ 56. Kd2 Kd5 57. b6 Ke4
58. b7 Rb3 59. Kc2 a4 60. Rec8 Rb5 61. Rc4+ Kd5 62. Rxa4 Kc6 63. Rc4+ Kd7 64.
Kd3 Ke7 65. Ke4 Rb2 66. Kxe5 Rb5+ 67. Kd4 Kf6 68. Rc5 Rb4+ 69. Kd5 Rb3 70. Kc6
Rc3 {Hossa resigns} 1-0

[Event "ICS rated standard match"]
[Site "204.178.125.65"]
[Date "2001.08.22"]
[Round "?"]
[White "ChesterX"]
[Black "Hossa"]
[Result "1-0"]
[WhiteElo "2456"]
[BlackElo "2299"]
[PlyCount "110"]
[EventDate "2001.??.??"]

1. e4 c5 2. Nf3 Nc6 3. c3 Nf6 4. e5 Nd5 5. d4 cxd4 6. cxd4 d6 7. Bc4 Nb6 8. Bb5
a6 9. Bxc6+ bxc6 10. O-O Bf5 11. Nc3 e6 12. Bg5 f6 13. exf6 gxf6 14. Bf4 Be7
15. Nh4 Bg6 16. Nxg6 hxg6 17. Re1 g5 18. Bd2 Qd7 19. Qb3 Nd5 20. Nxd5 cxd5 21.
Qf3 Rh6 22. Rac1 f5 23. Rc2 Rc8 24. Rxc8+ Qxc8 25. Rc1 Qb8 26. b3 Kf7 27. Qg3
Rh4 28. f3 Bf6 29. Bxg5 Bxd4+ 30. Kh1 Rh5 31. h4 Qb6 32. Qe1 Rh8 33. Rc2 e5 34.
g4 f4 35. Qd2 Kg7 36. Qd3 e4 37. fxe4 Re8 38. Bxf4 dxe4 39. Qc4 e3 40. Qd5 Bc5
41. Qg5+ Kf8 42. Qf6+ Kg8 43. Rxc5 Qxc5 44. Qg6+ Kh8 45. Qxe8+ Kg7 46. Qe7+ Kg8
47. Qe6+ Kg7 48. Bh6+ Kh7 49. Qf7+ Kxh6 50. g5+ Qxg5 51. hxg5+ Kxg5 52. Qe7+
Kf5 53. Qxd6 e2 54. Qd3+ Kf4 55. Qxe2 a5 {Hossa resigns} 1-0

[Event "ICS rated standard match"]
[Site "204.178.125.65"]
[Date "2001.08.22"]
[Round "?"]
[White "PostModernist"]
[Black "Hossa"]
[Result "1-0"]
[WhiteElo "2527"]
[BlackElo "2290"]
[PlyCount "148"]
[EventDate "2001.??.??"]

1. c4 e5 2. g3 Bc5 3. Nc3 Nf6 4. Bg2 O-O 5. e3 c6 6. Nge2 d6 7. O-O Qe7 8. d4
Bb6 9. e4 exd4 10. Nxd4 Ba5 11. Qd3 Na6 12. Bd2 Nc5 13. Qe3 Ng4 14. Qe2 Ne5 15.
Rfd1 Be6 16. b3 Bg4 17. f3 Be6 18. Rab1 Qc7 19. b4 Bxc4 20. Qe3 Bd3 21. bxa5
Nc4 22. Qg5 f6 23. Qf4 Bxb1 24. Nxb1 Nb2 25. Rf1 Rfe8 26. Nf5 Rad8 27. Qg4 Nbd3
28. Bc3 Kh8 29. Nd2 d5 30. Nb3 Na4 31. Bd2 dxe4 32. fxe4 Ne5 33. Qh4 Rd7 34.
Bh6 Qd8 35. Be3 Rd1 36. Qh3 Nc3 37. Bxa7 Rxf1+ 38. Bxf1 Nxe4 39. Qg2 Ng5 40.
Nfd4 Qd7 41. h4 Ngf7 42. Bc5 Ra8 43. Qe4 Nd6 44. Qc2 g6 45. Be2 Ne8 46. Qe4 Nc7
47. Qg2 Nd5 48. Qf1 Qc7 49. Qe1 Qb8 50. Nf3 Kg8 51. Nxe5 Qxe5 52. Bd4 Qe7 53.
Qf1 Qc7 54. Qf3 f5 55. Bc4 Qf7 56. a6 b5 57. Bxd5 cxd5 58. Nc5 Rd8 59. Qe2 Re8
60. Qxb5 Qe7 61. Nd3 Qe4 62. Nf2 Qe6 63. a7 Qc8 64. Qxd5+ Kf8 65. Qd6+ Kg8 66.
Qf6 Qc1+ 67. Kg2 Qh6 68. Qh8+ Kf7 69. Qxe8+ Kxe8 70. a8=Q+ Ke7 71. Bc5+ Kd7 72.
Qb7+ Kd8 73. Bb6+ Ke8 74. Qc8+ Kf7 {Hossa resigns} 1-0

[Event "ICS rated standard match"]
[Site "204.178.125.65"]
[Date "2001.08.23"]
[Round "?"]
[White "Hossa"]
[Black "PostModernist"]
[Result "1/2-1/2"]
[WhiteElo "2283"]
[BlackElo "2534"]
[PlyCount "251"]
[EventDate "2001.??.??"]

1. e4 c5 2. Nf3 Nc6 3. Bb5 e6 4. O-O Nge7 5. c3 a6 6. Bxc6 Nxc6 7. d4 d5 8.
exd5 Qxd5 9. Be3 cxd4 10. cxd4 Qf5 11. Nc3 Bd6 12. Nh4 Qf6 13. Qg4 e5 14. Qe4
O-O 15. Nf3 Bf5 16. Qd5 exd4 17. Nxd4 Nxd4 18. Bxd4 Qg6 19. Be5 Bxe5 20. Qxe5
Rfe8 21. Qc7 Be4 22. Nxe4 Qxe4 23. Rad1 Rac8 24. Qa5 h6 25. Rfe1 Qc2 26. Qb4
Re5 27. b3 Rce8 28. Rf1 b5 29. Rd2 Qb1 30. g3 Qf5 31. Qd6 a5 32. f4 Re2 33. Rf2
Re1+ 34. Kg2 Qe4+ 35. Kh3 a4 36. Qd5 axb3 37. axb3 b4 38. Rd4 Qxd5 39. Rxd5
R1e3 40. Rb2 R8e4 41. Kh4 g6 42. Rb5 Kg7 43. Rb6 g5+ 44. Kg4 Rd4 45. Rb8 gxf4
46. gxf4 Ree4 47. Rf2 Re6 48. Rf3 Re5 49. Kg3 Rc5 50. Kf2 Re4 51. Rb6 Rc2+ 52.
Kg3 Rd4 53. Re3 Rc3 54. Rxc3 bxc3 55. Rc6 Rd3+ 56. Kg4 c2 57. Rxc2 Rxb3 58. Rc6
Rb5 59. h3 h5+ 60. Kh4 f6 61. Rc1 Rd5 62. Rg1+ Kh6 63. Rg8 Rc5 64. Rb8 Kg6 65.
Rb4 Rc3 66. Rb5 Rf3 67. Rxh5 Rxf4+ 68. Kg3 Rd4 69. Rb5 f5 70. Rb6+ Kf7 71. Rc6
Re4 72. Kf3 Rh4 73. Ra6 Rxh3+ 74. Kf2 f4 75. Ra7+ Kf6 76. Kg2 Re3 77. Ra6+ Kg5
78. Ra5+ Kg4 79. Kf1 Rh3 80. Ra2 f3 81. Ra3 Rh1+ 82. Kf2 Rh2+ 83. Kg1 Rg2+ 84.
Kf1 Kg3 85. Ra5 Rc2 86. Rg5+ Kf4 87. Rh5 Rb2 88. Rd5 Re2 89. Rd4+ Kg5 90. Rd3
Kg4 91. Rd1 Kf5 92. Rc1 Ra2 93. Rc5+ Ke4 94. Rc4+ Ke3 95. Rc3+ Kf4 96. Rc6 Ke5
97. Rg6 Rb2 98. Rg5+ Ke4 99. Ra5 Kf4 100. Rc5 Kg4 101. Rd5 Rh2 102. Re5 Kg3
103. Rg5+ Kf4 104. Rg6 Ke3 105. Re6+ Kd4 106. Rd6+ Ke5 107. Rd3 Ke4 108. Rc3
Rg2 109. Rc4+ Ke5 110. Rc5+ Kf4 111. Rc1 Kg3 112. Rc6 Re2 113. Rg6+ Kh4 114.
Rh6+ Kg4 115. Rh1 Kg3 116. Rh5 Re6 117. Rg5+ Kf4 118. Rg1 Re2 119. Rg6 Rh2 120.
Rf6+ Kg3 121. Rg6+ Kh3 122. Rh6+ Kg3 123. Rxh2 Kxh2 124. Kf2 Kh1 125. Kg3 f2
126. Kxf2 {Game drawn because neither player has mating material} 1/2-1/2

[Event "ICS rated blitz match"]
[Site "204.178.125.65"]
[Date "2001.08.23"]
[Round "?"]
[White "Hossa"]
[Black "nyul"]
[Result "1-0"]
[WhiteElo "2546"]
[BlackElo "2105"]
[PlyCount "62"]
[EventDate "2001.??.??"]

1. d4 d5 2. c3 e6 3. e3 Nf6 4. Nf3 c5 5. Be2 Nc6 6. O-O Bd6 7. dxc5 Bxc5 8. c4
O-O 9. Bd2 dxc4 10. Bxc4 e5 11. Qc2 Bd6 12. Ng5 h6 13. Bxf7+ Rxf7 14. Nxf7 Kxf7
15. Rd1 Qe7 16. Bc3 Be6 17. Nd2 Kg8 18. b3 Kh8 19. Nc4 Bc7 20. Bb2 Bxc4 21.
Qxc4 e4 22. Bxf6 Qxf6 23. Qxe4 Be5 24. Rac1 Rf8 25. f4 Bc7 26. Rd7 Bb6 27. Rxb7
Nb4 28. Rd1 Qc3 29. Kh1 Qxe3 30. Qxe3 Bxe3 31. Rxb4 Bxf4 {nyul resigns} 1-0

[Event "ICS rated blitz match"]
[Site "204.178.125.65"]
[Date "2001.08.23"]
[Round "?"]
[White "nyul"]
[Black "Hossa"]
[Result "1/2-1/2"]
[WhiteElo "2103"]
[BlackElo "2548"]
[PlyCount "170"]
[EventDate "2001.??.??"]

1. e4 c5 2. c4 g6 3. d3 Bg7 4. Nc3 d6 5. Nf3 Bg4 6. h3 Be6 7. Be2 Nc6 8. Be3
Nf6 9. Qd2 O-O 10. Bh6 Bxh6 11. Qxh6 Nd4 12. Bd1 Qb6 13. Rb1 Qa5 14. Ng5 b5 15.
cxb5 Nxb5 16. O-O Nxc3 17. bxc3 Qxc3 18. Nxe6 fxe6 19. Bb3 d5 20. exd5 exd5 21.
Rbc1 Qd4 22. Qe3 Qxe3 23. fxe3 Rac8 24. e4 e6 25. Rfe1 Kf7 26. exd5 exd5 27.
Re5 Rfd8 28. g4 h6 29. h4 Rc7 30. g5 Ng4 31. Rxd5 Rxd5 32. Bxd5+ Kg7 33. Re1
Rd7 34. Bc4 Kh7 35. Be6 Rxd3 36. Bxg4 Rg3+ 37. Kh2 Rxg4 38. Kh3 Ra4 39. Re7+
Kh8 40. gxh6 Rxa2 41. Rc7 Ra4 42. Rxc5 Kh7 43. h5 gxh5 44. Rxh5 Ra3+ 45. Kg4
Ra1 46. Rc5 a5 47. Kf3 a4 48. Kg2 Ra2+ 49. Kg3 Ra3+ 50. Kg2 Rb3 51. Ra5 Rb4 52.
Kg3 Rc4 53. Kf3 Rc3+ 54. Ke4 Rh3 55. Kd4 a3 56. Kc4 Rf3 57. Kb4 Rh3 58. Rxa3
Rxh6 59. Ra7+ Kh8 60. Kc5 Rh5+ 61. Kd6 Rh4 62. Ke6 Rh3 63. Kf6 Rh2 64. Kg6 Rg2+
65. Kf6 Rh2 66. Kg6 Rg2+ 67. Kf6 Rh2 68. Ke5 Rh3 69. Kf4 Rh2 70. Kg4 Rh1 71.
Ra8+ Kg7 72. Ra7+ Kh6 73. Ra6+ Kh7 74. Ra7+ Kh8 75. Ra8+ Kg7 76. Ra7+ Kh6 77.
Ra6+ Kh7 78. Ra7+ Kh8 79. Ra5 Rg1+ 80. Kh5 Rh1+ 81. Kg6 Rg1+ 82. Kh6 Rh1+ 83.
Kg6 Rg1+ 84. Kh6 Rh1+ 85. Kg6 Rg1+ {Game drawn by repetition} 1/2-1/2

[Event "ICS rated blitz match"]
[Site "204.178.125.65"]
[Date "2001.08.23"]
[Round "?"]
[White "Hossa"]
[Black "shally"]
[Result "1-0"]
[WhiteElo "2534"]
[BlackElo "2208"]
[PlyCount "71"]
[EventDate "2001.??.??"]

1. c4 f5 2. d4 Nf6 3. d5 g6 4. Nf3 Bg7 5. e3 O-O 6. Be2 c6 7. O-O d6 8. Nc3 Na6
9. Bd2 Nc5 10. Qc2 a5 11. Nd4 Bd7 12. Rab1 Rc8 13. Rbc1 cxd5 14. cxd5 Nce4 15.
Qd1 Nxc3 16. Rxc3 Ne4 17. Rxc8 Bxc8 18. Bc1 Bd7 19. f3 Nf6 20. Ne6 Bxe6 21.
dxe6 Qb6 22. Qd3 Ne8 23. b3 Nc7 24. Bd2 Nxe6 25. Qd5 Kf7 26. Bc4 Bf6 27. Qxe6+
Kg7 28. Rc1 Rc8 29. Qxc8 f4 30. Qg8+ Kh6 31. Qf8+ Kh5 32. g4+ fxg3 33. hxg3 a4
34. Kg2 Kg5 35. e4+ Kh5 36. Qh6# {shally checkmated} 1-0

[Event "ICS rated blitz match"]
[Site "204.178.125.65"]
[Date "2001.08.23"]
[Round "?"]
[White "sekere"]
[Black "Hossa"]
[Result "0-1"]
[WhiteElo "2170"]
[BlackElo "2538"]
[PlyCount "96"]
[EventDate "2001.??.??"]

1. e4 c5 2. d4 cxd4 3. Nf3 e6 4. Nxd4 a6 5. g3 d5 6. exd5 Qxd5 7. f3 Nf6 8. Bg2
e5 9. Ne2 Qxd1+ 10. Kxd1 Be7 11. Nbc3 O-O 12. Be3 Be6 13. Kc1 Nbd7 14. Rd1 Rac8
15. Kd2 Rfd8 16. Ke1 b6 17. a3 Bc5 18. Bxc5 Rxc5 19. Rd2 Rc7 20. Rad1 g6 21.
Kf2 h6 22. Ke3 Rdc8 23. h4 Rd8 24. Bf1 b5 25. Ng1 Nh5 26. Kf2 Ra8 27. Bh3 f5
28. Nge2 Nhf6 29. f4 Re8 30. Rd6 exf4 31. Nxf4 Rxc3 32. bxc3 Ne4+ 33. Kf3 Ne5+
34. Kg2 Nxd6 35. Rxd6 Bf7 36. Rxa6 g5 37. hxg5 hxg5 38. Nd3 g4 39. Rb6 Bd5+ 40.
Kf2 gxh3 41. Rh6 Ng4+ 42. Kg1 Nxh6 43. Kh2 Ng4+ 44. Kxh3 Kg7 45. Kh4 Kf6 46.
Nf4 Rh8+ 47. Nh5+ Kg6 48. Kh3 Rxh5# {sekere checkmated} 0-1

[Event "ICS rated blitz match"]
[Site "204.178.125.65"]
[Date "2001.08.23"]
[Round "?"]
[White "Hossa"]
[Black "sekere"]
[Result "1-0"]
[WhiteElo "2541"]
[BlackElo "2167"]
[PlyCount "22"]
[EventDate "2001.??.??"]

1. c4 e5 2. Nc3 Bb4 3. g3 Bxc3 4. bxc3 d6 5. d4 Nd7 6. Bg2 c6 7. Ba3 Qc7 8.
dxe5 dxe5 9. Bd6 Qa5 10. Qc2 Ngf6 11. Nf3 Ne4 {sekere resigns} 1-0

[Event "ICS rated blitz match"]
[Site "204.178.125.65"]
[Date "2001.08.23"]
[Round "?"]
[White "monsoon"]
[Black "Hossa"]
[Result "1-0"]
[WhiteElo "2641"]
[BlackElo "2544"]
[PlyCount "97"]
[EventDate "2001.??.??"]

1. e4 c5 2. Nf3 Nc6 3. d4 cxd4 4. Nxd4 Nf6 5. Nc3 e5 6. Ndb5 d6 7. Bg5 a6 8.
Na3 b5 9. Bxf6 gxf6 10. Nd5 Bg7 11. c3 f5 12. exf5 Bxf5 13. Nc2 Be6 14. Nce3
Ne7 15. g3 Nxd5 16. Nxd5 O-O 17. Bg2 Rb8 18. a3 Qd7 19. Qh5 a5 20. Qh4 f6 21.
Be4 h6 22. O-O Kh8 23. Rad1 Bh3 24. Ne7 Rfd8 25. Rfe1 Qxe7 26. Qxh3 Bf8 27. Qf5
Qg7 28. Rd5 Rdc8 29. Kh1 Rc7 30. Rg1 b4 31. cxb4 axb4 32. a4 Qf7 33. a5 Rd8 34.
a6 Ra7 35. Ra1 Be7 36. Kg1 Raa8 37. Raa5 Rg8 38. Rdb5 Ra7 39. Rb7 Rga8 40. Qd7
Rxb7 41. axb7 Rf8 42. Ra8 b3 43. b8=Q Kg7 44. Qf5 Kh8 45. Qxf8+ Bxf8 46. Rxf8+
Kg7 47. Ra8 Qg8 48. Qg6+ Kh8 49. Rxg8# {Hossa checkmated} 1-0

[Event "ICS rated blitz match"]
[Site "204.178.125.65"]
[Date "2001.08.23"]
[Round "?"]
[White "Hossa"]
[Black "monsoon"]
[Result "1/2-1/2"]
[WhiteElo "2532"]
[BlackElo "2653"]
[PlyCount "163"]
[EventDate "2001.??.??"]

1. c4 Nf6 2. d4 g6 3. Nc3 d5 4. cxd5 Nxd5 5. e4 Nxc3 6. bxc3 Bg7 7. Nf3 c5 8.
Bc4 Nc6 9. Be3 O-O 10. Bd5 Bg4 11. Rb1 e6 12. Bxc6 bxc6 13. O-O Qa5 14. Ra1
cxd4 15. cxd4 Rad8 16. Rc1 e5 17. Rc5 Qxa2 18. d5 cxd5 19. exd5 Rfe8 20. h3 Be6
21. d6 Bf8 22. Rc2 Qa6 23. Qa1 Qxa1 24. Rxa1 Bxd6 25. Rd2 e4 26. Nd4 Bd5 27.
Rxa7 Bb8 28. Ra5 Rc8 29. Rd1 Bc4 30. Ra4 Bd3 31. g3 Be5 32. Ra7 Red8 33. Nb3
Rd5 34. Kg2 Bc4 35. Rc1 Bb2 36. Rb1 Bc3 37. Nc1 Rdd8 38. Rbb7 Bd5 39. Rc7 Rxc7
40. Rxc7 Be5 41. Rc5 Bb2 42. Ne2 Ba3 43. Rc2 Be7 44. Nc3 Bc6 45. Ne2 Bb5 46.
Nd4 Bd3 47. Rc7 Bd6 48. Rb7 Rc8 49. Rd7 Be5 50. Re7 Bf6 51. Ra7 h5 52. g4 hxg4
53. hxg4 Be5 54. Re7 Bg7 55. Rd7 Kf8 56. f3 Bf6 57. Rb7 Rc4 58. Rd7 g5 59. Rd6
Be7 60. Rd7 Ke8 61. Rd5 f6 62. Kg3 exf3 63. Nxf3 Rc3 64. Bd4 Be4 65. Bxc3 Bxd5
66. Nd4 Bd6+ 67. Kf2 Be5 68. Ke3 Kf7 69. Ke2 f5 70. gxf5 Kf6 71. Ke3 Bf4+ 72.
Kd3 Bd6 73. Ke3 Bf4+ 74. Kd3 Bb7 75. Ne6+ Kxf5 76. Nxf4 Kxf4 77. Bd2+ Ke5 78.
Be1 Ba8 79. Bd2 Bb7 80. Be1 Ba8 81. Bd2 Bb7 82. Be1 {Game drawn by repetition}
1/2-1/2